01393cam a2200349 i 450000100090000000300050000900500170001400800410003101000170007202000240008903800220011304000230013504200080015805000210016608200260018710000290021324502420024225000190048426400370050330000630054033600260060333700280062933800270065744000270068450400510071165000260076270000280078890600450081694200300086199900190089195201330091018071701NUST20210112110506.0140318s2014 nyua b 001 0 eng  a 2013372091 a9780073380322 (hbk) aSNS Library Staff aDLCbengerdacDLC apcc00aTA357b.C43 2014 a620.106 CEN 2014bCEN1 aÇengel, Yunus A.9246210aFluid Mechanics :bFundamentals and Applications cYunus A. Çengel, Department of Mechanical Engineering, University of Nevada, Reno, John M. Cimbala, Department of Mechanical and Nuclear Engineering, The Pennsylvania State University. aThird edition. 1aNew York :bMcGraw Hill,c[2014] axxii, 1000 pages :billustrations (chiefly color) ;c26 cm atextbtxt2rdacontent aunmediatedbn2rdamedia avolumebnc2rdacarrier aFluid Mechanics935571 aIncludes bibliographical references and index. 0aFluid dynamics.913841 aCimbala, John M.930266 a7bcbccorignewd2encipf20gy-gencatlg 2ddccBKk620.106 CEN 2014 c541220d541220 00102ddc4070aSNSbSNScGENd2020-10-28l1o620.106 CEN 2014 pSNS0003196q2022-07-14r2022-03-16s2022-03-16w2021-01-12yBK